Statistics for Graphs to Equations (Calculus)

Click here to take the quiz!

General Stats

  • This quiz has been taken 138 times
  • The average score is 5 of 8

Answer Stats

Answer% Correct
x^2
94%
cosx
87%
sinx
86%
tanx
85%
sqrtx
43%
absolute value of x
30%
1 over x
25%
1 over x^2
16%

Score Distribution

Percentile by Number Answered

Percent of People with Each Score

Your Score History

You have not taken this quiz